[Event "HUN-chT2 Breyer 1617"]
[Site "Hungary"]
[Date "2017.03.12"]
[Round "8.5"]
[White "Domany, Zsofia"]
[Black "Egedi, Istvan"]
[Result "1/2-1/2"]
[WhiteElo "2159"]
[BlackElo "2197"]
[PlyCount "34"]
[EventDate "2016.10.30"]
[EventType "team-tourn"]
[EventRounds "9"]
[EventCountry "HUN"]
[SourceTitle "EXT 2021"]
[Source "ChessBase"]
[SourceDate "2020.10.23"]
[SourceVersion "1"]
[SourceVersionDate "2020.10.23"]
[SourceQuality "1"]
[WhiteTeam "Kisber Aszar"]
[BlackTeam "Biatorbagy"]
[WhiteTeamCountry "HUN"]
[BlackTeamCountry "HUN"]

1. e4 e6 2. d4 d5 3. Nc3 Bb4 4. exd5 exd5 5. Bd3 Nf6 6. Bg5 h6 7. Bh4 0-0 8. Nge2 c6 9. 0-0 Re8 10. f4 Nbd7 11. Ng3 Nf8 12. f5 N8h7 13. Nce2 Be7 14. Re1 Bd7 15. c3 Ng4 16. Nf4 Bxh4 17. Qxg4 Qg5 1/2-1/2

[Event "HUN-chT2 Breyer 1617"]
[Site "Hungary"]
[Date "2016.12.11"]
[Round "4.6"]
[White "Csordas, David"]
[Black "Egedi, Istvan"]
[Result "1-0"]
[WhiteElo "2062"]
[BlackElo "2197"]
[PlyCount "87"]
[EventDate "2016.10.30"]
[EventType "team-tourn"]
[EventRounds "9"]
[EventCountry "HUN"]
[SourceTitle "EXT 2021"]
[Source "ChessBase"]
[SourceDate "2020.10.23"]
[SourceVersion "1"]
[SourceVersionDate "2020.10.23"]
[SourceQuality "1"]
[WhiteTeam "Naszaly Geniusz Tata"]
[BlackTeam "Biatorbagy"]
[WhiteTeamCountry "HUN"]
[BlackTeamCountry "HUN"]

1. e4 e6 2. d4 d5 3. Nd2 Nf6 4. e5 Nfd7 5. Bd3 c5 6. c3 Nc6 7. Ne2 Qb6 8. Nf3 cxd4 9. cxd4 f6 10. exf6 Nxf6 11. 0-0 Bd6 12. Rb1 0-0 13. Bf4 Bxf4 14. Nxf4 Qc7 15. Ne2 Ng4 16. Ng3 e5 17. dxe5 Ncxe5 18. Be2 Nf6 19. Nd4 Bd7 20. Ngf5 Bxf5 21. Nxf5 Qd7 22. Nd4 Rac8 23. Re1 a6 24. Bxa6 bxa6 25. Rxe5 Ng4 26. Re2 Qd6 27. g3 Qh6 28. f3 Ne3 29. Qd3 Nc4 30. Ne6 Rfe8 31. Qxd5 Kh8 32. Rbe1 Qf6 33. b3 Nb6 34. Qb7 Rb8 35. Qe4 Nd7 36. Qd5 Nb6 37. Qd3 h6 38. Kg2 a5 39. Qa6 a4 40. bxa4 Nd5 41. Qd3 Nc3 42. Re3 Rb2+ 43. Kg1 Nxa2 44. Ng5 1-0

[Event "HUN-chT2 Breyer 1617"]
[Site "Hungary"]
[Date "2016.10.30"]
[Round "1.4"]
[White "Egedi, Istvan"]
[Black "Rosta, Sandor"]
[Result "1/2-1/2"]
[WhiteElo "2197"]
[BlackElo "2037"]
[PlyCount "37"]
[EventDate "2016.10.30"]
[EventType "team-tourn"]
[EventRounds "9"]
[EventCountry "HUN"]
[SourceTitle "EXT 2021"]
[Source "ChessBase"]
[SourceDate "2020.10.23"]
[SourceVersion "1"]
[SourceVersionDate "2020.10.23"]
[SourceQuality "1"]
[WhiteTeam "Biatorbagy"]
[BlackTeam "Torokbalint"]
[WhiteTeamCountry "HUN"]
[BlackTeamCountry "HUN"]

1. e4 e6 2. d4 d5 3. Nd2 c5 4. Ngf3 dxe4 5. Nxe4 cxd4 6. Qxd4 Qc7 7. Bd2 Nc6 8. Qc3 Nge7 9. Bc4 Nd5 10. Qb3 Nb6 11. Bd3 Be7 12. Nc3 a6 13. Be3 Nd7 14. Qc4 b5 15. Qe4 Bb7 16. Bf4 Qb6 17. Be3 Qc7 18. Bf4 Qb6 19. Be3 1/2-1/2

[Event "HUN-chT2 Breyer 1516"]
[Site "Hungary"]
[Date "2016.02.28"]
[Round "8.6"]
[White "Karacsonyi, Gellert"]
[Black "Egedi, Istvan"]
[Result "0-1"]
[WhiteElo "2055"]
[BlackElo "2187"]
[PlyCount "72"]
[EventDate "2015.09.13"]
[EventType "team-tourn"]
[EventRounds "11"]
[EventCountry "HUN"]
[SourceTitle "EXT 2017"]
[Source "ChessBase"]
[SourceDate "2016.10.25"]
[SourceVersion "1"]
[SourceVersionDate "2016.10.25"]
[SourceQuality "1"]
[WhiteTeam "Kobanya Aquarena"]
[BlackTeam "Biatorbagy"]
[WhiteTeamCountry "HUN"]
[BlackTeamCountry "HUN"]

1. e4 e6 2. d4 d5 3. Nd2 Nf6 4. e5 Nfd7 5. c3 c5 6. Bd3 Nc6 7. Ne2 Qb6 8. Nf3 cxd4 9. cxd4 f6 10. exf6 Nxf6 11. 0-0 Bd6 12. Bf4 Bxf4 13. Nxf4 0-0 14. Qd2 Bd7 15. g3 Rae8 16. Rae1 a5 17. h4 Nb4 18. Bb1 Bb5 19. Ne2 Nc6 20. b3 e5 21. dxe5 Nxe5 22. Nxe5 Rxe5 23. Qd4 Re6 24. Bd3 Qxd4 25. Nxd4 Rxe1 26. Bxb5 Rxf1+ 27. Kxf1 Ne4 28. Bd7 Rxf2+ 29. Kg1 Rd2 30. Nf5 g6 31. Ne3 d4 32. Nc4 Rxa2 33. Be6+ Kg7 34. Bd5 Nc3 35. Bxb7 d3 36. Ne3 d2 0-1

[Event "HUN-chT2 Breyer 1314"]
[Site "Hungary"]
[Date "2014.03.23"]
[Round "7"]
[White "Csoli, Odon"]
[Black "Egedi, Istvan"]
[Result "1/2-1/2"]
[WhiteElo "2162"]
[BlackElo "2176"]
[PlyCount "30"]
[EventDate "2013.09.08"]
[EventType "team-tourn"]
[EventRounds "9"]
[EventCountry "HUN"]
[SourceTitle "EXT 2016"]
[Source "ChessBase"]
[SourceDate "2015.10.08"]
[SourceVersion "1"]
[SourceVersionDate "2015.10.08"]
[SourceQuality "1"]
[WhiteTeam "Szazhalombatta"]
[BlackTeam "Biatorbagy"]
[WhiteTeamCountry "HUN"]
[BlackTeamCountry "HUN"]

1. d4 Nf6 2. c4 e6 3. Nf3 Bb4+ 4. Nbd2 d5 5. g3 0-0 6. Qb3 Nc6 7. a3 dxc4 8. Qxc4 Bd6 9. Bg2 e5 10. dxe5 Nxe5 11. Nxe5 Bxe5 12. 0-0 c6 13. Nf3 Be6 14. Qc2 Qc7 15. Nxe5 Qxe5 1/2-1/2

[Event "HUN-chT2 Breyer 1314"]
[Site "Hungary"]
[Date "2014.03.02"]
[Round "6"]
[White "Toth, Gyula1"]
[Black "Egedi, Istvan"]
[Result "1/2-1/2"]
[WhiteElo "2080"]
[BlackElo "2176"]
[PlyCount "27"]
[EventDate "2013.09.08"]
[EventType "team-tourn"]
[EventRounds "9"]
[EventCountry "HUN"]
[SourceTitle "EXT 2016"]
[Source "ChessBase"]
[SourceDate "2015.10.08"]
[SourceVersion "1"]
[SourceVersionDate "2015.10.08"]
[SourceQuality "1"]
[WhiteTeam "Zoltek"]
[BlackTeam "Biatorbagy"]
[WhiteTeamCountry "HUN"]
[BlackTeamCountry "HUN"]

1. e4 e6 2. d4 d5 3. Nd2 Nf6 4. e5 Nfd7 5. Bd3 c5 6. c3 Nc6 7. Ne2 Qb6 8. Nf3 cxd4 9. cxd4 f6 10. exf6 Nxf6 11. 0-0 Bd6 12. Nc3 0-0 13. Re1 Bd7 14. Bg5 1/2-1/2

[Event "HUN-chT2 Breyer 1314"]
[Site "Hungary"]
[Date "2013.10.20"]
[Round "3"]
[White "Szabo, Laszlo3"]
[Black "Egedi, Istvan"]
[Result "0-1"]
[WhiteElo "2044"]
[BlackElo "2176"]
[PlyCount "58"]
[EventDate "2013.09.08"]
[EventType "team-tourn"]
[EventRounds "9"]
[EventCountry "HUN"]
[SourceTitle "EXT 2016"]
[Source "ChessBase"]
[SourceDate "2015.10.08"]
[SourceVersion "1"]
[SourceVersionDate "2015.10.08"]
[SourceQuality "1"]
[WhiteTeam "Gyor Komszomol"]
[BlackTeam "Biatorbagy"]
[WhiteTeamCountry "HUN"]
[BlackTeamCountry "HUN"]

1. e4 e6 2. d4 d5 3. Nd2 Nf6 4. e5 Nfd7 5. f4 c5 6. c3 Nc6 7. Ndf3 Qb6 8. Ne2 cxd4 9. cxd4 Bb4+ 10. Kf2 f6 11. Kg3 g5 12. h4 gxf4+ 13. Bxf4 fxe5 14. dxe5 Nc5 15. Kh2 Ne4 16. Bg3 Rg8 17. Be1 Bxe1 18. Qxe1 Nxe5 19. Nxe5 Qd6 20. g3 Qxe5 21. Rg1 Qxb2 22. Rg2 Qd2 23. Qb1 Qe3 24. Qb5+ Bd7 25. Qxb7 Rc8 26. Rb1 Nd2 27. Nf4 Nf3+ 28. Kh1 Rc2 29. Nxd5 Qg1+ 0-1

[Event "HUN-chT2 Breyer 1314"]
[Site "Hungary"]
[Date "2013.09.22"]
[Round "2"]
[White "Egedi, Istvan"]
[Black "Rot, Norbert"]
[Result "1-0"]
[WhiteElo "2176"]
[BlackElo "1829"]
[PlyCount "83"]
[EventDate "2013.09.08"]
[EventType "team-tourn"]
[EventRounds "9"]
[EventCountry "HUN"]
[SourceTitle "EXT 2016"]
[Source "ChessBase"]
[SourceDate "2015.10.08"]
[SourceVersion "1"]
[SourceVersionDate "2015.10.08"]
[SourceQuality "1"]
[WhiteTeam "Biatorbagy"]
[BlackTeam "Pet"]
[WhiteTeamCountry "HUN"]
[BlackTeamCountry "HUN"]

1. e4 c5 2. Nf3 e6 3. d4 cxd4 4. Nxd4 a6 5. Nc3 Qc7 6. Bd3 Nf6 7. 0-0 Bc5 8. Nb3 Be7 9. f4 d6 10. Qe2 Nbd7 11. Bd2 b5 12. a3 Bb7 13. Rae1 0-0 14. Kh1 Nb6 15. Na5 Bc8 16. e5 Nfd5 17. Nxd5 Nxd5 18. Rf3 Rb8 19. c4 bxc4 20. Nxc4 dxe5 21. fxe5 Bb7 22. Ref1 Nb6 23. Rh3 g6 24. Ba5 Bd5 25. Nxb6 Rxb6 26. Qe3 Bxg2+ 27. Kxg2 Rxb2+ 28. Bd2 Qc6+ 29. Rff3 Qc1 30. Rf2 Qc6+ 31. Be4 Qc4 32. Bf3 f5 33. exf6 Rxf6 34. Re2 Bc5 35. Qe4 Qxe4 36. Bxe4 Rf8 37. Rc3 Be7 38. Bf3 Rd8 39. Bc1 Rxe2+ 40. Bxe2 Rb8 41. Rc6 e5 42. Bxa6 1-0

[Event "HUN-chT2 Charousek 1213"]
[Site "Hungary"]
[Date "2013.03.24"]
[Round "9"]
[White "Krutti, Valer"]
[Black "Egedi, Istvan"]
[Result "1-0"]
[WhiteElo "2352"]
[BlackElo "2219"]
[PlyCount "69"]
[EventDate "2012.09.16"]
[EventType "team-tourn"]
[EventRounds "11"]
[EventCountry "HUN"]
[SourceTitle "EXT 2014"]
[Source "ChessBase"]
[SourceDate "2013.11.20"]
[SourceVersion "1"]
[SourceVersionDate "2013.11.20"]
[SourceQuality "1"]
[WhiteTeam "Aquaprofit II"]
[BlackTeam "Kobanya Aquarena"]
[WhiteTeamCountry "HUN"]
[BlackTeamCountry "HUN"]

1. c4 e5 2. Nc3 Nf6 3. g3 d5 4. cxd5 Nxd5 5. Bg2 Nb6 6. d3 Be7 7. Nf3 Nc6 8. 0-0 0-0 9. Be3 Be6 10. Rc1 f6 11. a3 Qd7 12. Ne4 Rfd8 13. Nc5 Bxc5 14. Bxc5 Bd5 15. Qc2 Rac8 16. b4 a5 17. Rfd1 axb4 18. axb4 Nd4 19. Bxd4 exd4 20. Ra1 Bc6 21. Ra5 Kh8 22. Rb1 Ra8 23. h4 Rxa5 24. bxa5 Nc8 25. Rb4 Bxf3 26. Bxf3 c6 27. Qb2 Qc7 28. Rxb7 Qxa5 29. Bxc6 Nd6 30. Rb8 Nf7 31. Kg2 g6 32. Be4 Kg7 33. Rb7 f5 34. Qb3 Rf8 35. Bd5 1-0

[Event "HUN-chT2 Maroczy 1112"]
[Site "Hungary"]
[Date "2012.05.20"]
[Round "11"]
[White "Becskei, Zoltan"]
[Black "Egedi, Istvan"]
[Result "1/2-1/2"]
[WhiteElo "2208"]
[BlackElo "2242"]
[PlyCount "45"]
[EventDate "2011.09.25"]
[EventType "team-tourn"]
[EventRounds "11"]
[EventCountry "HUN"]
[SourceTitle "EXT 2013"]
[Source "ChessBase"]
[SourceDate "2012.11.22"]
[SourceVersion "1"]
[SourceVersionDate "2012.11.22"]
[SourceQuality "1"]
[WhiteTeam "Fuezesabony"]
[BlackTeam "Dunaharaszti"]
[WhiteTeamCountry "HUN"]
[BlackTeamCountry "HUN"]

1. e4 e6 2. d4 d5 3. Nc3 Bb4 4. Nge2 dxe4 5. a3 Bxc3+ 6. Nxc3 Nc6 7. Bb5 Nge7 8. Bg5 f6 9. Be3 0-0 10. Qd2 f5 11. Bg5 Qd6 12. Bxc6 bxc6 13. Bf4 Qd8 14. 0-0-0 Nd5 15. Na4 Nxf4 16. Qxf4 Qd6 17. Qe5 Rb8 18. Nc3 Rd8 19. Rhe1 Ba6 20. f3 c5 21. Qxd6 cxd6 22. fxe4 f4 23. dxc5 1/2-1/2

[Event "HUN-chT2 Maroczy 1112"]
[Site "Hungary"]
[Date "2012.05.06"]
[Round "10"]
[White "Egedi, Istvan"]
[Black "Borda, Lajos"]
[Result "1-0"]
[WhiteElo "2242"]
[BlackElo "2100"]
[PlyCount "93"]
[EventDate "2011.09.25"]
[EventType "team-tourn"]
[EventRounds "11"]
[EventCountry "HUN"]
[SourceTitle "EXT 2013"]
[Source "ChessBase"]
[SourceDate "2012.11.22"]
[SourceVersion "1"]
[SourceVersionDate "2012.11.22"]
[SourceQuality "1"]
[WhiteTeam "Dunaharaszti"]
[BlackTeam "Taban Spartacus"]
[WhiteTeamCountry "HUN"]
[BlackTeamCountry "HUN"]

1. e4 c5 2. Nf3 a6 3. d4 cxd4 4. Nxd4 Nf6 5. Nc3 e5 6. Nf3 Bb4 7. Bd2 d6 8. Bc4 0-0 9. Qe2 Nc6 10. 0-0-0 Bxc3 11. Bxc3 Qe7 12. h3 Be6 13. g4 Rfc8 14. Bd5 Nd4 15. Bxd4 exd4 16. Nxd4 Bxd5 17. exd5 Qxe2 18. Nxe2 Rc5 19. Nc3 Rac8 20. Rhe1 b5 21. a3 a5 22. Rd4 Kf8 23. Re2 b4 24. axb4 axb4 25. Rxb4 Nxd5 26. Nxd5 Rxd5 27. Rd2 Rxd2 28. Kxd2 Ke7 29. Rb7+ Ke6 30. Kd3 h5 31. c4 hxg4 32. hxg4 g5 33. b4 Ra8 34. Rb5 Ra3+ 35. Kd4 Rb3 36. Rb6 Rf3 37. c5 Rf4+ 38. Ke3 Rxg4 39. Rxd6+ Ke5 40. Rb6 Rc4 41. c6 g4 42. b5 f5 43. Rb8 f4+ 44. Kd3 Rc1 45. Rg8 g3 46. fxg3 fxg3 47. b6 1-0

[Event "HUN-chT2 Maroczy 1112"]
[Site "Hungary"]
[Date "2012.03.25"]
[Round "8"]
[White "Egedi, Istvan"]
[Black "Kun, Sandor"]
[Result "1-0"]
[WhiteElo "2242"]
[BlackElo "2042"]
[PlyCount "77"]
[EventDate "2011.09.25"]
[EventType "team-tourn"]
[EventRounds "11"]
[EventCountry "HUN"]
[SourceTitle "EXT 2013"]
[Source "ChessBase"]
[SourceDate "2012.11.22"]
[SourceVersion "1"]
[SourceVersionDate "2012.11.22"]
[SourceQuality "1"]
[WhiteTeam "Dunaharaszti"]
[BlackTeam "Hajduszoboszlo"]
[WhiteTeamCountry "HUN"]
[BlackTeamCountry "HUN"]

1. e4 e5 2. Nf3 Nc6 3. d4 exd4 4. Nxd4 Bc5 5. Be3 Qf6 6. c3 Nge7 7. g3 d5 8. Bg2 Nxd4 9. cxd4 Bb4+ 10. Nc3 Bxc3+ 11. bxc3 Be6 12. 0-0 0-0 13. Qd2 h6 14. f3 Qg6 15. Bf4 Rac8 16. Qb2 b6 17. Qa3 Nc6 18. Qa6 f6 19. Qb5 Ne7 20. Rfe1 Qf7 21. Qa4 a5 22. c4 dxe4 23. d5 Bf5 24. fxe4 g5 25. Bd2 Bg4 26. h3 Bh5 27. Rf1 Qe8 28. Qb3 Qd7 29. Qe3 Qd6 30. Bc3 Be8 31. e5 fxe5 32. Rxf8+ Kxf8 33. Rf1+ Kg8 34. Bxe5 Qc5 35. Bd4 Qd6 36. Rf6 Qd8 37. Rxh6 Ng6 38. Qe6+ Bf7 39. Rxg6+ 1-0

[Event "HUN-chT2 Maroczy 1011"]
[Site "Hungary"]
[Date "2011.04.17"]
[Round "9"]
[White "Egedi, Istvan"]
[Black "Schlahetka, Gaspar"]
[Result "1-0"]
[WhiteElo "2279"]
[BlackElo "2270"]
[PlyCount "77"]
[EventDate "2010.09.12"]
[EventType "team-tourn"]
[EventRounds "11"]
[EventCountry "HUN"]
[SourceTitle "EXT 2012"]
[Source "ChessBase"]
[SourceDate "2011.11.24"]
[SourceVersion "1"]
[SourceVersionDate "2011.11.24"]
[SourceQuality "1"]
[WhiteTeam "Dunaharaszti"]
[BlackTeam "Lila Futo"]
[WhiteTeamCountry "HUN"]
[BlackTeamCountry "HUN"]

1. e4 Nf6 2. e5 Nd5 3. d4 d6 4. c4 Nb6 5. exd6 exd6 6. Nf3 Be7 7. Be2 Bf6 8. 0-0 0-0 9. Be3 Nc6 10. b3 Bf5 11. Nc3 Re8 12. Rc1 h6 13. Qd2 Re7 14. Rfd1 Qf8 15. d5 Ne5 16. Nd4 Bh7 17. Ndb5 Ng6 18. c5 Nc8 19. cxd6 cxd6 20. Bg4 a6 21. Bxc8 axb5 22. Bf5 Qe8 23. Bd3 b4 24. Nb5 Ne5 25. Bxh7+ Kxh7 26. Nc7 Qb8 27. Nxa8 Qxa8 28. Qxb4 Qxa2 29. Qxd6 Qxb3 30. Qb6 Qa4 31. Bd4 Qd7 32. f4 Ng4 33. Bxf6 Nxf6 34. d6 Re2 35. Qb1+ Ne4 36. h3 Qf5 37. Qd3 Rxg2+ 38. Kxg2 Qg6+ 39. Kh2 1-0

[Event "HUN-chT2 Maroczy 1011"]
[Site "Hungary"]
[Date "2011.04.10"]
[Round "8"]
[White "Egedi, Istvan"]
[Black "Kanyadi, Zoltan"]
[Result "0-1"]
[WhiteElo "2279"]
[BlackElo "2109"]
[PlyCount "84"]
[EventDate "2010.09.12"]
[EventType "team-tourn"]
[EventRounds "11"]
[EventCountry "HUN"]
[SourceTitle "EXT 2012"]
[Source "ChessBase"]
[SourceDate "2011.11.24"]
[SourceVersion "1"]
[SourceVersionDate "2011.11.24"]
[SourceQuality "1"]
[WhiteTeam "Dunaharaszti"]
[BlackTeam "Debrecen SBE"]
[WhiteTeamCountry "HUN"]
[BlackTeamCountry "HUN"]

1. e4 c5 2. Nc3 d6 3. g3 Nc6 4. Bg2 g6 5. d3 Bg7 6. f4 e6 7. Nf3 Nge7 8. 0-0 0-0 9. g4 f5 10. h3 Rb8 11. Ne2 b6 12. Ng3 Nd4 13. Nh2 Bb7 14. c3 Nb5 15. Nf3 Nc7 16. Be3 d5 17. exf5 d4 18. cxd4 cxd4 19. Bf2 exf5 20. Ne2 Ne6 21. g5 Qd6 22. Qd2 Nd5 23. Bxd4 Nxd4 24. Nfxd4 Nb4 25. Nf3 Nxd3 26. Rad1 Qc5+ 27. Kh2 Nxb2 28. Rc1 Nc4 29. Qc2 b5 30. a4 a6 31. axb5 axb5 32. Nc3 Ne3 33. Qb3+ Qc4 34. Qxc4+ bxc4 35. Rfe1 Nxg2 36. Kxg2 Bxf3+ 37. Kxf3 Rb3 38. Re3 Bd4 39. Nd5 Bxe3 40. Nxe3 Re8 41. Re1 Re4 42. Re2 Rd3 0-1

[Event "HUN-chT2 Maroczy 1011"]
[Site "Hungary"]
[Date "2010.10.10"]
[Round "3"]
[White "Egedi, Istvan"]
[Black "Toth, Daniel Heves"]
[Result "0-1"]
[WhiteElo "2279"]
[BlackElo "2239"]
[PlyCount "52"]
[EventDate "2010.09.12"]
[EventType "team-tourn"]
[EventRounds "11"]
[EventCountry "HUN"]
[SourceTitle "EXT 2012"]
[Source "ChessBase"]
[SourceDate "2011.11.24"]
[SourceVersion "1"]
[SourceVersionDate "2011.11.24"]
[SourceQuality "1"]
[WhiteTeam "Dunaharaszti"]
[BlackTeam "Fuzesabony"]
[WhiteTeamCountry "HUN"]
[BlackTeamCountry "HUN"]

1. e4 c6 2. d4 d5 3. e5 g6 4. Bd3 Bg7 5. Ne2 c5 6. c3 Nc6 7. 0-0 Nh6 8. b3 0-0 9. Ba3 cxd4 10. cxd4 Nf5 11. Bxf5 Bxf5 12. Ng3 Bxb1 13. Rxb1 Qa5 14. Bc5 b6 15. b4 Qa3 16. b5 bxc5 17. bxc6 Rfc8 18. dxc5 e6 19. Qd4 Rxc6 20. Rfc1 Rac8 21. Rc3 Qxa2 22. Rbc1 Qa5 23. h4 Bf8 24. Kh2 Rxc5 25. Rxc5 Rxc5 26. Ra1 Rc4 0-1

[Event "HUN-chT 0910"]
[Site "Hungary"]
[Date "2010.04.18"]
[Round "10"]
[White "Egedi, Istvan"]
[Black "Farkas, Tibor"]
[Result "0-1"]
[WhiteElo "2299"]
[BlackElo "2314"]
[PlyCount "96"]
[EventDate "2009.11.08"]
[EventType "team-tourn"]
[EventRounds "11"]
[EventCountry "HUN"]
[SourceTitle "EXT 2011"]
[Source "ChessBase"]
[SourceDate "2010.11.26"]
[SourceVersion "1"]
[SourceVersionDate "2010.11.26"]
[SourceQuality "1"]
[WhiteTeam "Dunaharaszti"]
[BlackTeam "Mako"]
[WhiteTeamCountry "HUN"]
[BlackTeamCountry "HUN"]

1. e4 c5 2. Nc3 Nc6 3. Nf3 d6 4. Bb5 e5 5. d3 h6 6. Nd5 Nge7 7. c3 Be6 8. Ne3 g6 9. 0-0 a6 10. Bxc6+ bxc6 11. d4 Qc7 12. dxe5 dxe5 13. Qa4 f6 14. Nc4 Nc8 15. Be3 Nb6 16. Nxb6 Qxb6 17. Nd2 Qb5 18. Qc2 c4 19. b3 cxb3 20. axb3 Rh7 21. c4 Qb8 22. f4 Bg8 23. fxe5 Qxe5 24. Nf3 Qc7 25. Bd4 Rf7 26. Qb2 Be7 27. Nh4 f5 28. Nxg6 fxe4 29. Qe2 Rxf1+ 30. Rxf1 0-0-0 31. Qxe4 Bd6 32. Be5 Kb7 33. h3 Bh7 34. Rf6 Bxg6 35. Bxd6 Bxe4 36. Bxc7 Kxc7 37. Rxh6 Rb8 38. Re6 Bd3 39. Re7+ Kd6 40. Ra7 Rxb3 41. Rxa6 Bxc4 42. Ra5 Bd5 43. h4 Rg3 44. Kh2 Rxg2+ 45. Kh3 Rg8 46. Ra7 Be6+ 47. Kh2 c5 48. Rh7 c4 0-1

[Event "HUN-chT 0910"]
[Site "Hungary"]
[Date "2010.02.14"]
[Round "6"]
[White "Egedi, Istvan"]
[Black "Borsos, Bogdan"]
[Result "0-1"]
[WhiteElo "2299"]
[BlackElo "2317"]
[PlyCount "74"]
[EventDate "2009.11.08"]
[EventType "team-tourn"]
[EventRounds "11"]
[EventCountry "HUN"]
[SourceTitle "EXT 2011"]
[Source "ChessBase"]
[SourceDate "2010.11.26"]
[SourceVersion "1"]
[SourceVersionDate "2010.11.26"]
[SourceQuality "1"]
[WhiteTeam "Dunaharaszti"]
[BlackTeam "Kazincbarcika"]
[WhiteTeamCountry "HUN"]
[BlackTeamCountry "HUN"]

1. Nf3 d6 2. e4 Nf6 3. Nc3 Bg4 4. d4 e6 5. h3 Bh5 6. Be3 Be7 7. Be2 c6 8. 0-0 0-0 9. Nd2 Bxe2 10. Qxe2 d5 11. f4 dxe4 12. Ncxe4 Nbd7 13. f5 exf5 14. Rxf5 Nxe4 15. Nxe4 Nf6 16. Nxf6+ Bxf6 17. c3 g6 18. Rf3 Bg7 19. Qc4 Qd7 20. Raf1 Rae8 21. Qb3 Re6 22. d5 Qxd5 23. Qxb7 f5 24. Qxa7 Rf7 25. Qb8+ Bf8 26. Qb3 Qxb3 27. axb3 Rxe3 28. b4 Bh6 29. Rd1 Re2 30. b3 Ra7 31. g4 Raa2 32. gxf5 Be3+ 33. Kf1 Rh2 34. Rd8+ Kg7 35. f6+ Kh6 36. Ke1 Rh1+ 37. Rf1 Ra1+ 0-1

[Event "HUN-chT2 Maroczy 0809"]
[Site "Hungary"]
[Date "2009.01.11"]
[Round "5"]
[White "Egedi, Istvan"]
[Black "Juhasz, Bela"]
[Result "1/2-1/2"]
[WhiteElo "2314"]
[BlackElo "2169"]
[PlyCount "78"]
[EventDate "2008.10.26"]
[EventType "tourn"]
[EventRounds "11"]
[EventCountry "HUN"]
[SourceTitle "EXT 2010"]
[Source "ChessBase"]
[SourceDate "2010.11.25"]
[SourceVersion "1"]
[SourceVersionDate "2010.11.25"]
[SourceQuality "1"]
[WhiteTeam "Dunaharaszti"]
[BlackTeam "Matra"]
[WhiteTeamCountry "HUN"]
[BlackTeamCountry "HUN"]

1. e4 c5 2. Nc3 Nc6 3. g3 g6 4. Bg2 Bg7 5. d3 d6 6. f4 e6 7. Nge2 Nge7 8. 0-0 0-0 9. g4 f5 10. h3 Rb8 11. a4 d5 12. Ng3 d4 13. Nce2 Qb6 14. Kh1 Bd7 15. Ng1 Rbe8 16. Nf3 Qc7 17. gxf5 exf5 18. e5 Nd8 19. c3 Ne6 20. cxd4 cxd4 21. Ne2 Nc6 22. b3 a5 23. Ba3 Rf7 24. Rc1 Qb6 25. Nd2 Qa7 26. Nc4 Bf8 27. Bxf8 Rexf8 28. Nd6 Re7 29. Rc4 Qb6 30. Nb5 Kh8 31. Qa1 g5 32. Nbxd4 Ncxd4 33. Nxd4 gxf4 34. Qa3 Ref7 35. Qd6 Qxd6 36. exd6 Nxd4 37. Rxd4 b6 38. Rfxf4 Rf6 39. Kh2 Re8 1/2-1/2

[Event "HUN-chT2 Maroczy 0809"]
[Site "Hungary"]
[Date "2008.10.26"]
[Round "1"]
[White "Egedi, Istvan"]
[Black "Herpai, Jozsef"]
[Result "1-0"]
[WhiteElo "2314"]
[BlackElo "2243"]
[PlyCount "111"]
[EventDate "2008.10.26"]
[EventType "tourn"]
[EventRounds "11"]
[EventCountry "HUN"]
[SourceTitle "EXT 2010"]
[Source "ChessBase"]
[SourceDate "2010.11.25"]
[SourceVersion "1"]
[SourceVersionDate "2010.11.25"]
[SourceQuality "1"]
[WhiteTeam "Dunaharaszti"]
[BlackTeam "Maroczy"]
[WhiteTeamCountry "HUN"]
[BlackTeamCountry "HUN"]

1. e4 c5 2. Nc3 e6 3. g3 d5 4. Bg2 dxe4 5. Nxe4 Be7 6. Ne2 Nc6 7. 0-0 Nf6 8. d3 0-0 9. Be3 Nxe4 10. Bxe4 Qc7 11. c3 b6 12. Nf4 g6 13. b4 Rb8 14. d4 Bb7 15. bxc5 bxc5 16. Qa4 a5 17. d5 Nd8 18. dxe6 Nxe6 19. Nxe6 fxe6 20. Qc4 Qc8 21. Bxb7 Rxb7 22. Rfe1 Qc6 23. Bh6 Rf6 24. Bg5 Rf7 25. Rxe6 Qf3 26. Be3 Rd7 27. Re1 Rd1 28. Bxc5 Bxc5 29. Qxc5 Rd3 30. Re8+ Kg7 31. R8e7 Rxe7 32. Qxe7+ Kg8 33. Qe8+ Kg7 34. Qe5+ Kg8 35. Qxa5 Rd1 36. c4 h5 37. Rxd1 Qxd1+ 38. Kg2 Kg7 39. Qe5+ Kh7 40. Qd5 Qc2 41. c5 h4 42. gxh4 Qa4 43. Qe6 Kg7 44. c6 Qxh4 45. Qe5+ Kh7 46. h3 Qc4 47. c7 Qc6+ 48. Kg3 Qc1 49. Qe7+ Kg8 50. Qd8+ Kg7 51. c8Q Qg1+ 52. Kf3 Qh1+ 53. Ke2 Qe4+ 54. Kd2 Qf4+ 55. Kd1 Qf3+ 56. Kc2 1-0

[Event "HUN-chT2 Charousek 0708"]
[Site "Hungary"]
[Date "2008.02.17"]
[Round "6"]
[White "Egedi, Istvan"]
[Black "Takacs, Gergo"]
[Result "1/2-1/2"]
[WhiteElo "2333"]
[BlackElo "2206"]
[PlyCount "31"]
[EventDate "2007.10.14"]
[EventType "team-tourn"]
[EventRounds "11"]
[EventCountry "HUN"]
[SourceTitle "EXT 2009"]
[Source "ChessBase"]
[SourceDate "2008.11.26"]
[SourceVersion "1"]
[SourceVersionDate "2008.11.26"]
[SourceQuality "1"]
[WhiteTeam "Dunaharaszti"]
[BlackTeam "Haladas II"]
[WhiteTeamCountry "HUN"]
[BlackTeamCountry "HUN"]

1. e4 c5 2. c3 d5 3. exd5 Qxd5 4. d4 Nf6 5. Nf3 Bg4 6. Be2 e6 7. h3 Bh5 8. Be3 cxd4 9. cxd4 Bb4+ 10. Nc3 0-0 11. 0-0 Qd6 12. Nb5 Qd8 13. Rc1 Nc6 14. Ne5 Bxe2 15. Qxe2 Ne7 16. a3 1/2-1/2